Gaja bhukta kapitha / (Record no. 150695)

MARC details
000 -LEADER
fixed length control field 00541nam a22001817a 4500
005 - DATE AND TIME OF LATEST TRANSACTION
control field 20180423140258.0
010 ## - LCCN (DPL NO)
LC control number ENG-122460
020 ## - INTERNATIONAL STANDARD BOOK NUMBER
International Standard Book Number 9788171391486
Terms of availability 650.00
035 ## - SYSTEM CONTROL NUMBER
System control number EN-105992
037 ## - SOURCE OF ACQUISITION
Source of stock number/acquisition DBAD/PUB
082 ## - DEWEY DECIMAL CLASSIFICATION NUMBER
Classification number 181.4
100 ## - MAIN ENTRY--PERSONAL NAME
Personal name Misra, Hrishikesh
245 ## - TITLE STATEMENT
Title Gaja bhukta kapitha /
Statement of responsibility, etc by Hrishikesh Misra
260 ## - PUBLICATION, DISTRIBUTION, ETC. (IMPRINT)
Place of publication, distribution, etc New Delhi
Name of publisher, distributor, etc Jnanada Prakashan (P&D)
Date of publication, distribution, etc 2008
270 ## - ADDRESS
Address 4837/2, 24, Ansari Road, Daryaganj,
City New Delhi
Postal code 110002
300 ## - PHYSICAL DESCRIPTION
Extent 256p.
Other physical details ill.
Dimensions 21cm(Hb)
942 ## - ADDED ENTRY ELEMENTS (KOHA)
Source of classification or shelving scheme Dewey Decimal Classification
Item type English Books
Call number suffix MIS
Classification part 181.4
Holdings
Withdrawn status Lost status Not for loan Collection code Home library Current library Date acquired Source of acquisition Cost, normal purchase price Full call number Barcode Copy number Cost, replacement price Koha item type
    Not For Loan Non-fiction D.B.Act.Division Bawana 03/04/2018 DBAD/PUB 650.00 181.4MIS EN-105992 1 650.00 English Books

© Delhi Public Library
Hit Counter
free hit counter